000 00519pab a2200193 454500
008 180718b1985 xxu||||| |||| 00| 0 eng d
100 _aMetaferia, Getachew
245 _aNeed for training civil servants: A case of Zambia
260 _c1985
300 _ap.69-78.
362 _aJan-Mar
650 _aCivil service - Zambia
650 _aCivil service -Training
650 _aCivil service - Zambia
650 _aTraining
773 _aIndian Journal of Public Administration
908 _aN
909 _a88698
999 _c88698
_d88698